drużyny NBA - Statystyki

Ogólne statystyki
  • Ten quiz został rozwiązany 69 razy
  • Średni wynik to 7 z 11
Statystyki odpowiedzi
Obrazkowy Odpowiedź % Poprawnych
Chicago Bulls
97%
Golden State Warriors
79%
San Antonio Spurs
77%
Miami Heat
73%
Charlotte Hornets
65%
Toronto Raptors
63%
Phoenix Suns
61%
Brooklyn Nets
58%
Houston Rockets
50%
Memphis Grizzlies
45%
Washington Wizards
42%
Nie znaleziono quizów pasujących do podanych kryteriów
Rozkład punktacji
Procent ludzi z każdym wynikiem
Percentyl według liczby udzielonych odpowiedzi
Twoja historia wyników
Nie rozwiązałeś tego quizu